| 000 | 00644nam a2200181 4500 | ||
|---|---|---|---|
| 001 | 111133 | ||
| 003 | ES-MaACL | ||
| 007 | t| | ||
| 008 | 061121s1980 sp r ||||1| spa d | ||
| 100 | 1 |
_aOlaguer-Feliú Alonso, Fernando. _986641 |
|
| 245 | 1 | 4 |
_aLas rejas de la catedral de Toledo / _cFernando Olaguer-Feliú Alonso. |
| 260 |
_aToledo : _bInstituto Provincial de Investigaciones y Estudios Toledanos, _c1980. |
||
| 300 |
_a302 p., 23 lám. : _bil. ; _c24 cm. |
||
| 490 | 1 | _aMonografías | |
| 830 | 0 | 0 |
_aMonografías (Centro de Estudios Benaventanos "Ledo del Pozo") _9177262 |
| 852 |
_aES-MaACL _jL-7021 _bR.106699 |
||
| 999 |
_c111133 _d111133 |
||